Vornamen aus der Fußball-Bundesliga 2024/25 - Statistiken

Allgemein
  • Dieses Quiz wurde 479 mal gespielt
  • Das Durchschnittsergebnis liegt bei 13 aus 18
Antwortstatistiken
Nachname Verein Vorname % Korrekt
Musiala Bayern München Jamal
97%
Undav VfB Stuttgart Deniz
93%
Frimpong Bayer Leverkusen Jeremie
93%
Groß Borussia Dortmund Pascal
92%
Marmoush Eintracht Frankfurt Omar
90%
Arp Holstein Kiel Fiete
89%
Schlotterbeck FC Augsburg Keven
85%
Reitz Borussia Mönchengladbach Rocco
81%
Hlozek TSG Hoffenheim Adam
79%
Sesko RB Leipzig Benjamin
77%
Friedl Werder Bremen Marco
71%
Krauß 1. FSV Mainz 05 Tom
65%
Hollerbach Union Berlin Benedict
56%
Mæhle VfL Wolfsburg Joakim
55%
Wahl FC St. Pauli Hauke
53%
Röhl SC Freiburg Merlin
53%
Losilla VfL Bochum Anthony
49%
Mainka 1. FC Heidenheim Patrick
42%
Keine übereinstimmenden Quizze gefunden
Verteilung der Resultate
Anzahl Personen mit jedem Resultat
Perzentil nach korrekt beantworteten Fragen
Ihre Resultats-Entwicklung
Sie haben dieses Quiz noch nicht gespielt